Quiz wiedzy o Powstaniach Śląskich - Statystyki

Ogólne statystyki
  • Ten quiz został rozwiązany 243 razy
  • Średni wynik to 7 z 15
Statystyki odpowiedzi
Zagadnienie Odpowiedź % Poprawnych
Największą bitwą III Powstania Śląskiego była: Bitwa o Górę św. Anny
92%
I Powstanie Śląskie wybuchło: 16 sierpnia 1919 r.
85%
Wojskowym dowódcą I Powstania Śląskiego był: Alfons Zgrzebniok
62%
Dowódcą niemieckim tłumiącym zrywy powstańcze na Górnym Śląsku był: Karl Hoefer
62%
Autonomiczna, górnośląska organizacja konspiracyjna do walki o secesję Górnego Śląska od Rzeszy Niemieckiej i przyłączenie go do Polski to: Polska Organizacja Wojskowa Górnego Śląska
62%
III Powstanie Śląskie rozpoczęło się: wysadzeniem mostów kolejowych na Odrze, tzw. Akcja "Mosty"
62%
Polski Komisariat Plebiscytowy dla Górnego Śląska mieścił się hotelu: Lomnitz
54%
Jedną z bezpośrednich przyczyn wybuchu I Powstania Śląskiego to: masakra w Mysłowicach
54%
Muzeum Powstań Śląskich mieści się w: Świętochłowicach
46%
Atak niemieckich bojówek na siedzibę powiatowego inspektora francuskiej Międzysojuszniczej Komisji, w dniu 17 sierpnia 1920 r., spowodowany był: informacją w prasie niemieckiej o zdobyciu Warszawy przez Armię Czerwoną
38%
Siedziba dowództwa II Powstania Śląskiego mieściła się w: Dąbrówce Małej
31%
Powstania Śląskie zakończyły się: porażką I, zwycięstwem II i III
31%
Głównym celem II Powstania Śląskiego było: usunięcie z obszaru plebiscytowego niemieckich organów bezpieczeństwa
31%
Najwyższym odznaczeniem wojskowym za udział w Powstaniach Śląskich: "w dowód uznania zasług położonych w walkach o wieczyste prawa Śląska piastowskiego" jest: Gwiazda Górnośląska
8%
Przyczyną wydania rozkazu o zaprzestaniu dalszych walk w I Powstaniu była: niemożność zdobycia amunicji pozwalającej na dalszą walkę
8%
Nie znaleziono quizów pasujących do podanych kryteriów
Rozkład punktacji
Procent ludzi z każdym wynikiem
Percentyl według liczby udzielonych odpowiedzi
Twoja historia wyników
Nie rozwiązałeś tego quizu